<?xml version="1.0" encoding="UTF-8"?>
<collection xmlns="http://www.loc.gov/MARC21/slim">
 <record>
  <leader>01645nam a2200217Ia 4500</leader>
  <controlfield tag="001">TDMU_29643</controlfield>
  <controlfield tag="008">210410s9999    xx            000 0 und d</controlfield>
  <datafield tag="082" ind1=" " ind2=" ">
   <subfield code="a">631.56</subfield>
  </datafield>
  <datafield tag="090" ind1=" " ind2=" ">
   <subfield code="b">B450</subfield>
  </datafield>
  <datafield tag="100" ind1=" " ind2=" ">
   <subfield code="a">Bộ Tài nguyên và Môi trường (MONRE)</subfield>
  </datafield>
  <datafield tag="245" ind1=" " ind2="0">
   <subfield code="a">Tài liệu hội thảo tham vấn quốc gia về chương trình mục tiêu quốc gia ứng phó với biến đổi khí hậu và nước biển dâng</subfield>
  </datafield>
  <datafield tag="245" ind1=" " ind2="0">
   <subfield code="c">Bộ Tài nguyên và Môi trường (MONRE), Chương trình Phát triển Liên Hiệp Quốc (UNDP) tổ chức và tài trợ</subfield>
  </datafield>
  <datafield tag="260" ind1=" " ind2=" ">
   <subfield code="a">Tp. Hồ Chí Minh</subfield>
  </datafield>
  <datafield tag="260" ind1=" " ind2=" ">
   <subfield code="b">[?]</subfield>
  </datafield>
  <datafield tag="260" ind1=" " ind2=" ">
   <subfield code="c">2008</subfield>
  </datafield>
  <datafield tag="300" ind1=" " ind2=" ">
   <subfield code="a">36 tr</subfield>
  </datafield>
  <datafield tag="520" ind1=" " ind2=" ">
   <subfield code="a">Gồm 3 phần: Báo cáo khoa học (thích ứng với biến đổi khí hậu và phát triển bền vững; biến đổi khí hậu toàn cầu và nước biển dâng; tác động của biến đổi khí hậu tới tự nhiên và đời sống xã hội); dự thảo chương trình mục tiêu quốc gia ứng phó với biến đổi khí hậu và nước biển dâng; danh sách đại biểu tham dự hội thảo.</subfield>
  </datafield>
  <datafield tag="650" ind1=" " ind2=" ">
   <subfield code="a">Môi trường</subfield>
   <subfield code="x">Biến đổi khí hậu</subfield>
   <subfield code="x">Nước biển dâng</subfield>
   <subfield code="x">Mục tiêu quốc gia</subfield>
   <subfield code="v">Hội thảo</subfield>
  </datafield>
  <datafield tag="700" ind1=" " ind2=" ">
   <subfield code="a">Chương trình Phát triển Liên Hiệp Quốc (UNDP)</subfield>
  </datafield>
  <datafield tag="856" ind1=" " ind2=" ">
   <subfield code="u">http://lrc.tdmu.edu.vn/opac/search/detail.asp?aID=2&amp;ID=29643</subfield>
  </datafield>
  <datafield tag="980" ind1=" " ind2=" ">
   <subfield code="a">Trung tâm Học liệu Trường Đại học Thủ Dầu Một</subfield>
  </datafield>
 </record>
</collection>
